La fase terminale della vita umana bioetica postmoderna e riflessione teologico-morale contemporanea

Bibliographic Details
Main Author: Ďačok, Ján, 1955- (Author)
Format: Book
Language:Italian
PhysicalDescription:278 s. 24 cm
Published: Trnava Dobrá kniha 2007
ISBN:9788071415589
Edition:[1. vyd.]
Subjects:

MARC

LEADER 00000nam a2200000 a 4500
001 vtls009190146
003 SK-MaSNL
005 20260301081530.0
008 240314s2007 xo f n 000 0 ita
015 |a SNBA2008/08-03310 
020 |a 9788071415589  |q (brož.) 
035 |a 1A901D77-3EB5-4DB7-B570-FEE5DA598760 
035 |a urn:nbn:sk:snk-amldrj 
035 |a urn:nbn:sk:snk-am008zt2 
040 |a SNK  |b slo  |c SNK  |e AACR2 
041 0 |a ita  |b ita  |b eng  |b slo 
044 |a xo  |c SK 
072 7 |a 60  |x Biotechnológie. Genetické inžinierstvo  |2 konspekt 
080 |a 608.1  |2 2001 
080 |a 17  |2 2001 
100 1 |a Ďačok, Ján,  |d 1955-  |4 aut  |9 216615 
245 1 0 |a La fase terminale della vita umana  |b bioetica postmoderna e riflessione teologico-morale contemporanea  |c Ján Ďačok 
246 3 0 |a Bioetica postmoderna e riflessione teologico-morale contemporanea 
250 |a [1. vyd.] 
260 |a Trnava  |b Dobrá kniha  |c 2007 
300 |a 278 s.  |c 24 cm 
500 |a Zozn. skrat. 
504 |a Bibliografia: s. 249-271 
546 |a Resumé tal., angl., slov. 
650 0 7 |a bioetika  |2 SNKPH  |9 16939 
650 0 7 |a morálna teológia  |2 SNKPH  |9 881 
650 0 7 |a postmodernizmus  |2 SNKPH  |9 4085 
655 7 |a štúdie  |2 SNKPH  |9 57033 
710 2 |a Pontificia Universita Gregoriana.  |b Facoltà di teologica  |4 pbl  |9 404961 
919 |a 978-80-7141-558-9 
958 |a OND 
958 |a NB 
968 |d 60 
999 |c 656112  |d 658042 
952 |a SNK  |b SNK  |y PREZ  |7 0  |p 17A0581201  |o snkSC 131188  |i snk2008/5898  |8 0  |0 0  |1 0  |4 0  |d 2008-03-10  |f 1  |l 0  |r 2025-06-19 00:00:00  |w 2026-02-23 
952 |a SNK  |b SNK  |y VYP  |7 0  |p 17A0581202  |o snkSC 131188 D1  |i snk2008/5899  |8 0  |0 0  |1 0  |4 0  |d 2008-03-10  |l 0  |r 2026-02-23 18:36:55  |w 2026-02-23